000 02512cam a22004694i 4500
003 PE-LiUPU
005 20250731165421.0
008 160105s2014 pe a grm 000 0 spa d
035 _a(Sirsi) a155626
040 _aPE-LiUPU
_bspa
_cPE-LiUPU
_erda
082 0 4 _a 378.169
_bV39
099 _aTE 4
_bV39 2014
100 1 _aVega Beteta, Enrique
_eautor
245 1 3 _aLa gestión administrativa, calidad del currículo y la deserción universitaria en la Facualtad de Ingeniería y Arquitectura de la Universidad Peruana Unión /cEnrique Vega Beteta.
264 0 _c2014.
300 _a165 hojas :
_bilustraciones;
_c30 cm
336 _atext
_2rdacontent
337 _aunmediated
_2rdamedia
338 _avolume
_2rdacarrier
502 _aTesis
_b(Dr.) --
_cUniversidad Peruana Unión,
_d2014.
504 _aIncluye referencias
520 3 _aEl objetivo de la presente investigación fue determinar la relación existente entre la gestión administrativa, la calidad de currículo y la deserción universitaria en la Facultad de Ingeniería y Arquitectura de la UPeU, en el año 2013. El estudio corresponde al enfoque cualitativo, de tipo no experimental y de corte transversal. Enfoque cuantitativo, porque pretende medir las variables y presenta los resultados a través del tratamiento estadístico. Es no experimental, porque no pretende manipular alguna variable, sino analizarlas en su contexto natural. Es de corte transversal, porque se aplicaron los instrumentos en un momento único. El método de contrastación de hipótesis, corresponde a un diseño correlacional múltiple. Pues analiza las correlaciones que se dan entre los indicadores e ítems dentro de cada una de las dimensiones de cada variable. Es una investigación multivariada, porque estudia la relación de más de dos variables: gestión administrativa, calidad del currículo y la deserción universitaria.
526 _aSEG44
526 _aSEG26
526 _aP151
526 _aP150
526 _aP149
526 _aP146
526 _aP145
526 _aP126
526 _aP125
526 _aP92
526 _aP75
526 _aP74
526 _aP27
526 _aP15
596 _a1
650 0 4 _aDeserción universitaria
_xAdministracion
_vTesis.
650 0 4 _aDeserción universitaria
_xCurrículo
_vTesis.
942 _2ddc
_cTESIS
999 _aTE 4 V39 2014
_wALPHANUM
_c8302
_iT01861
_lCCODEBUL3
_mBUL
_r1
_sY
_tTESIS
_u2016-1-5
_xPOSGRADO
_PP89
_o.STAFF. Tesis
_d8302
980 _81
_gALBERTO SANCHEZ Responsable de Automatización